Medale Polaków na Letnich Igrzyskach Olimpijskich - Statystyki

Ogólne statystyki
  • Ten quiz został rozwiązany 206 razy
  • Średni wynik to 13 z 19
Statystyki odpowiedzi
Liczba medali Dyscyplina % Poprawnych
66 Lekkoatletyka
93%
3 Piłka nożna
91%
43 Boks
85%
6 Pływanie
83%
22 Kajakarstwo
82%
27 Zapasy
80%
19 Wioślarstwo
78%
8 Judo
77%
11 Kolarstwo
77%
1 Piłka ręczna
68%
22 Szermierka
65%
12 Strzelectwo
64%
5 Żeglarstwo
63%
34 Podnoszenie ciężarów
62%
2 Łucznictwo
54%
3 Piłka siatkowa
53%
4 Gimnastyka
50%
6 Jeździectwo
45%
4 Pięciobój nowoczesny
45%
Nie znaleziono quizów pasujących do podanych kryteriów
Rozkład punktacji
Procent ludzi z każdym wynikiem
Percentyl według liczby udzielonych odpowiedzi
Twoja historia wyników
Nie rozwiązałeś tego quizu